00326nam a2200109Ia 4500100001400000942000700014245003300021260003300054546001200087999001700099952010000116 aLuzadder  cBK aFund. Of Engineering Drawing bPrentice Hall of Indiac2001 aENGLISH c25493d25493 001040708AFTaCRCEbCRCEd2023-03-17g15.00l0o pAFT682r2023-03-17v15.00w2023-03-17yBK